00689nab a2200217 uc450000100070000000500170000700800410002403500110006503500210007604000130009704100080011010000310011824500320014965000250018165000290020665000140023565000270024965000420027665000380031877301150035658234920240904091703.0000302e19991201 spa  a582349 a(OCoLC)819823351 ccomduadb aspa10aDurston, John W.4auteaut10aConstruyendo capital social 7aCapital social2lemb 7aPolítica social2embne aGuatemala 7aDesarrollo rural2lemb 7aDesarrollo económico y social2lemb 7aParticipación comunitaria2lemb0 tRevista de la Cepal (Santiago de Chile)gNúmero 069, Diciembre de 1999, p. 103-118w235972x0252-0257097465